000
00287nam a22001337a 4500
008
171103b xxu||||| |||| 00| 0 eng d
020
_a
9781412995146
041
_a
eng
080
_a
339.138
100
_a
60
101
_a
MAR
245
_a
MARKETING ETHICS
_c
SHAW.L
942
_2
udc
_c
BK
999
_c
37513
_d
37513